header

Protein aggregation (Record no. 65873)

MARC details
000 -LEADER
fixed length control field 01410nam a2200373Ia 4500
082 04 - DEWEY DECIMAL CLASSIFICATION NUMBER
Classification number 572/.633
245 00 - TITLE STATEMENT
Title Protein aggregation
260 ## - PUBLICATION, DISTRIBUTION, ETC. (IMPRINT)
Place of publication New York :
Name of publisher Nova Biomedical Books,
Year of publication c2011.
300 ## - PHYSICAL DESCRIPTION
Number of Pages xii, 298 p. :
Other physical details ill. (some col.).
490 1# - SERIES STATEMENT
Series statement Protein science and engineering
Series statement Microbiology research advances
650 #0 - SUBJECT ADDED ENTRY--TOPICAL TERM
Topical Term Proteins
Topical Term Protein folding.
700 1# - ADDED ENTRY--PERSONAL NAME
Personal name Stein, Douglas A.
856 40 - ELECTRONIC LOCATION AND ACCESS
Uniform Resource Identifier http://site.ebrary.com/lib/rucke/Doc?id=10661641

No items available.

© 2026 Rongo University
Contact us: librarian | system librarian | Rongo university